000 00483nam a2200181Ia 4500
005 20250326124744.0
008 250326s9999 xx 000 0 und d
037 _aTextbook
040 _aFMSL
_beng
_cFMSL
041 _aeng
_2eng
084 _aX:89A L32
_qFMSL
100 _aMoore F G
_9345747
245 0 _aProduction management
_cMoore F G
260 _aUSA
_bUSA, Richard D Irwin
_c1973
300 _a720p
942 _cTB
_hX:89A L32
999 _c1275062
_d1275062